000 01979cam a22002655a 4500
008 230919e20230919xxk fo 000 0 eng d
020 _a9781783215034
041 0 _aeng
110 2 _aRoyal Institution of Chartered Surveyors
245 0 0 _aWhole life carbon assessment for the built environment
_h[electronic resource]
250 _a2nd
260 _aLondon,
_bRICS,
_cSeptember 2023
300 _a220p
490 0 _aRICS Professional Statement
500 _aSupersedes 1st edition (ISBN 9781783212088) from 1 July 2024.
520 _aMandates a whole life approach to reducing carbon emissions within the built environment. It sets out specific mandatory principles and supporting guidance for the interpretation and implementation of EN 15978 methodology. Specific objectives of this professional statement include providing a consistent whole life carbon assessment implementation plan and reporting structure for built projects, and promoting the reliability of whole life carbon assessments by acting as a solid reference for the industry. This 2nd edition aligns with the International Cost Management Standards (ICMS) 3rd Edition and the Built Environment Carbon Database (BECD) to provide a consistent output of cost and carbon reporting and benchmarking, for both new builds and existing assets.
520 _aThe methodology in this standard is globally applicable, however numerical assumptions provided are based on UK locations and standard practices due to the availability and accessibility of data. Readers will therefore find that the methodology is more comprehensive and detailed for UK practitioners,
650 2 4 _aCARBON EMISSIONS
650 2 4 _aEN 15978
650 2 4 _aWHOLE LIFE APPRAISAL
651 4 _aInternational
690 _aQuantity surveying
_96263
856 4 1 _uhttps://www.rics.org/content/dam/ricsglobal/documents/standards/Whole_life_carbon_assessment_PS_Sept23.pdf
_z2nd edition in force from 1 July 2024
942 _n0
999 _c121666
_d121666